000 00282nam a2200121Ia 4500
008 191201s2007 xx 000 0 und d
100 _aPANDA, Tapan K
245 0 _aMarketing Management
260 _aN. Delhi
_bExcel Books
_c2007
300 _a757
650 _aBBA
942 _2ddc
_cBK
999 _c6567
_d6567